000 00663nam a22001937a 4500
005 20251108172516.0
008 250721s9999 xx 000 0 ara d
082 1 4 _a659.2رشو
100 1 _aرشوان، حسين عبدالحميد أحمد
245 1 0 _aعلاقات العامة و الإعلام من منظور علم الإجتماع /
264 1 _aالإسكندرية :
_bالمكتب الجامعي الحديث،
300 _a435ص
650 1 7 _aالعلاقات العامة
650 1 7 _aالإعلام العام
650 1 7 _aالإتصال الجماهيري
650 1 7 _aعلمالإجتماع
942 _2ddc
_cBK
999 _c81166
_d81166